000 00767nam a2200181 a 4500
008 120620s2005 ||||||||||||||||| || u
020 _a9789241209335
050 _aRS 189 Wor
110 _aWorld Health Organization (WHO)
245 1 4 _aThe selections and use of essential medicines: report of the WHO Expert Committee, 2005
260 _aGeneva:
_bWHO
_c2005
300 _avii, 119p.: iil.
500 _aBlue Trunk Library Collection (WHO).
650 _aDRUGS--FORMULAE, RECEIPTS, PRESCRIPTIONS
650 _aDRUGS UTILIZATION--STANDARDS
650 _aDRUGS--STANDARDS
995 _aMEDICAL LIBRARY OPEN ACCESS
_e743062
_FCBU-SCHOOL OF MEDICINE LIBRARY (Ndola)
_jBTL RS 189 Wor (BOX 180)
_M1
_UAVAILABLE
_WJul 26, 2012
_y743062
_ZMedical Library Open Access Collection
999 _c32684
_d32684